Tom Holland Fan Level Easy - Statistics

General Stats
  • This quiz has been taken 201 times
  • The average score is 9 of 15
Answer Stats
Hint Answer % Correct
He has ___ Brothers 3
94%
"I drink ___ darling" tea
91%
True or False: He did the Spider Man upside down kiss scene with a previous girlfriend True
90%
What does "quackson" mean Croissant
89%
Whats his middle name stanley
87%
Whats his dogs name Tessa
84%
Is Tom Holland Jake Gyllenhaal's hUzPeNd: Yes
84%
"Oh my god, it's ______!" Robert Downey Jr.
76%
What is in his mouth Frog
70%
Part 1: He did _____ for a long time, and regrets quitting Ballet
66%
He is from: South west london darling, Kingston Upon Tham
42%
what does he usually have on set juice box
37%
Part 2: What was his favorite part of ***** ? girls, spinning, turning
14%
what does he think of cats evil
8%
"And the man behind me, that's __________!" Dustin Hoffman
3%
No matching quizzes found
Score Distribution
Percent of People with Each Score
Percentile by Number Answered
Your Score History
You have not taken this quiz